Представление документа в формате RUSMARC

ПолеНазваниеЗначение
  Тип записи a
  Библиографический уровень m
001 Контрольный номер RU/IS/BASE/567519812
005 Дата корректировки 20251003164102.6
100 Данные общей обработки __
a Данные общей обработки 19171225m20042004||| 0rusy0189 ca
101 Язык документа 0_
a Язык текста rus
102 Страна публикации __
a Страна публикации ru|
105 Кодированные данные (монография) __
a Кодированные данные (монография) af||||||000zy
200 Заглавие и сведения об ответственности 1_
a Заглавие Край родной. Азбука краеведения. (Россия-Югра-Урай)
e Сведения, относящиеся к заглавию комплексное издание в 3 ч. : в 2 кн.
f Первые сведения об ответственности Новосибирская областная специальная библиотека для незрячих и слабовидящих ; [автор-составитель О. Н. Гаврилова ; под редакций Н. И. Созиновой]
b Общее обозначение материала Текст
210 Выходные данные __
a Место издания Новосибирск
c Издательство Областная специальная библиотека
d Дата издания 2004
215 Физическое описание __
a Объем 3 ч.
300 Общие примечания __
a Общие примечания Репродуцировано с издания: Край родной. Азбука краеведения. - Екатеринбург, СВ-96, 2001
330 Аннотация __
a Аннотация Книга, написана для детей, о растительном и животном мире нашего края. Помимо познавательного материала, в книгу включены народные приметы, загадки, строчки из стихотворений, посвященные живой природе, а также разнообразные и занимательные задания. Ее достоинство, в том, что она поможет сформировать нравственные и эстетические качества у подрастающего поколения, научит бережно и с любовью относится к бесконечно многообразной природе Югорской земли.
517 Другие варианты заглавия __
a Другие варианты заглавия Азбука краеведения
517 Другие варианты заглавия __
a Другие варианты заглавия Россия-Югра-Урай
606 Тематические рубрики __
a Основная рубрика География
606 Тематические рубрики __
a Основная рубрика Краеведение
y Географическая подрубрика Россия
y Географическая подрубрика Тюменская область
y Географическая подрубрика Ханты-Мансийский автономный округ - Югра
y Географическая подрубрика ХМАО-Югра
610 Ключевые слова __
a Ключевые слова внеурочная деятельность
a Ключевые слова воспитательная работа
a Ключевые слова города
a Ключевые слова грибы
a Ключевые слова дикие животные
a Ключевые слова животные
a Ключевые слова животный мир
a Ключевые слова земноводные
a Ключевые слова климат
a Ключевые слова краеведение
a Ключевые слова манси
a Ключевые слова насекомые
a Ключевые слова нравственное воспитание
a Ключевые слова озера
a Ключевые слова окружающая среда
a Ключевые слова пресмыкающиеся
a Ключевые слова природа
a Ключевые слова природные парки
a Ключевые слова птицы
a Ключевые слова растения
a Ключевые слова растительный мир
a Ключевые слова реки
a Ключевые слова рыбы
a Ключевые слова ханты
a Ключевые слова экологическое воспитание
a Ключевые слова экология
686 Индексы других классификаций __
2 Код системы rubbks
a Классификационный индекс стК26.89(2Рос-6Хан)
702 Вторичная интеллектуальная ответственность _1
a Фамилия Гаврилов
b Имя О. Н.
4 Код отношения Составитель
4 Код отношения 220
702 Вторичная интеллектуальная ответственность _1
a Фамилия Созинова
b Имя Н. И.
4 Код отношения Редактор
4 Код отношения 340
711 Наименование организации. (Альтернативная ответственность) __
a Организация/ юрисдикция Новосибирская областная специальная библиотека для незрячих и слабовидящих
801 Источник записи _0
a Страна ru
b Организация Муниципальное бюджетное учреждение культуры "Централизованная библиотечная система" г. Сургут (Центральная городская библиотека им. А. С. Пушкина)
c Дата составления 20171225
g Правила каталогизации RCR
801 Источник записи _1
a Страна ru
b Организация Муниципальное бюджетное учреждение культуры "Централизованная библиотечная система" г. Сургут (Центральная городская библиотека им. А. С. Пушкина)
c Дата составления 20171225
g Правила каталогизации RCR
852 Данные о местонахождении __
j Шифр хранения стК26.89(2Рос-6Хан)
i Авторский знак К 77
901 Тип документа __
t Тип документа v
a Ответственный КиК/Апакова
903 Характеристики (МАРС) __
a Дата передачи 20171225